000 00925nam a2200253 i 4500
001 91148
003 ES-MaACL
005 20250901062533.0
007 t|
008 050127s1958 an ||||1| spa d
080 _a246
080 _a7"00/10"
100 1 _aLeroy, Alfred.
_971795
245 1 0 _aOrigen del arte cristiano :
_bdesde los orígenes hasta el año mil /
_cAlfred Leroy ; [versión española de J.L. Escayola].
260 _aAndorra :
_bCasal i Vall,
_c[1958]
300 _a158 p. ;
_c19 cm.
490 1 _aYo sé, yo creo: enciclopedia del católico en el siglo XX ;
_v122. Las artes cristianas
650 4 _aSimbolismo cristiano.
_917106
650 7 _aArte paleocristiano
_2embne
_9145462
700 1 _aEscayola, Juan L.
_947530
830 1 0 _aYo sé, yo creo: enciclopedia del católico del siglo XX
_v122. Las artes cristianas
_9186579
852 4 _aES-MaACL
_jC-16163
999 _c91148
_d91148